| 000 | 00653cam a22002413a 4500 | ||
|---|---|---|---|
| 001 | 29625 | ||
| 003 | PGUSA | ||
| 005 | 20140828083636.0 | ||
| 008 | 090806s2009||||xxu|||||s|||||000 1 eng d | ||
| 040 |
_aPGUSA _beng |
||
| 042 | _adc | ||
| 100 | 1 |
_aCausey, James, _d1924-2003 |
|
| 245 | 1 | 0 |
_aTeething Ring _h[electronic resource] / _cJames Causey |
| 260 |
_bProject Gutenberg, _c2009 |
||
| 506 | _aPublic domain in the USA. | ||
| 516 | _aElectronic text | ||
| 653 | _aShort stories | ||
| 653 | _aScience fiction | ||
| 700 | 1 | _aFrancis, Dick | |
| 830 | 0 |
_aProject Gutenberg _v29625 |
|
| 856 | 4 | 0 | _uhttp://www.gutenberg.org/ebooks/29625 |
| 942 | _cEB | ||
| 999 |
_c258880 _d258880 |
||